Púchov

Zobrazenie: Pohľad na ulicu s Budovou tzv. ,,Rožáku" so zmenenou reklamou - ODEVA

Bibliographic Details
Other Authors: Hajduch, Ján, 1906-1972 (Photographer)
Format: Photo
Language:Slovak
Published: [Bratislava] VPL 1967
Subjects:

MARC

LEADER 00000nkm a2200000 a 4500
001 vtls011977119
003 SK-MaSNL
005 20260331212511.0
007 kf bo
008 230706s1967 xo g kuslo
015 |a SNBG1967 
035 |a urn:nbn:sk:snk-km00eic0 
035 |a urn:nbn:sk:snk-km45x53 
035 |a 13DEB19C-3B8C-450E-8F8A-A1983DB18907 
040 |a SNK  |b slo  |c SNK  |e AACR2 
041 0 |a slo 
043 |a e-xo--- 
044 |a xo  |c SK 
072 7 |a 913  |x Regionálna geografia  |2 konspekt 
080 |a (084.121)  |2 2011 
080 |a 913(437.6)  |2 2011 
080 |a 711.73  |2 2011 
100 1 |a Hajduch, Ján,  |d 1906-1972  |4 pht  |9 98286 
245 1 0 |a Púchov  |h grafika  |c Foto Ján Hajduch 
260 |a [Bratislava]  |b VPL  |c 1967 
300 |a 1 pohľadnica  |b čiernobiela  |c 11 x 15 cm 
520 8 |a Zobrazenie: Pohľad na ulicu s Budovou tzv. ,,Rožáku" so zmenenou reklamou - ODEVA 
650 0 7 |a ulice  |2 SNKPH  |9 2938 
651 7 |a Púchov (Slovensko)  |2 SNKPHgeo  |9 29506 
655 7 |a miestne pohľadnice  |2 SNKPH  |9 70510 
852 |a Slovenská národná knižnica 
958 |a GC 
958 |a OND 
958 |a GBN 
999 |c 952321  |d 954251 
952 |a SNK  |b SNK  |y PREZ  |7 0  |p 17A1275195  |o snkSP 45703  |0 0  |1 0  |4 0  |d 2020-06-26  |f 1  |l 0  |r 2026-02-24 09:52:48  |w 2026-02-24